| 000 | 01187nam a2200289Ia 4500 | ||
|---|---|---|---|
| 999 |
_c5452 _d5452 |
||
| 003 | OSt | ||
| 005 | 20200611174915.0 | ||
| 008 | 191128s1954 mx gr 000 0 spa d | ||
| 040 |
_aCO-JMCR _cCO-JMCR |
||
| 041 | 1 |
_aspa _hfr |
|
| 082 | 0 | 4 |
_a330.12201 / _bS451o _223 |
| 100 | 1 |
_aSée, Henri, _eautor _95545 |
|
| 245 | 1 | 0 |
_aOrigen y evolución del capitalismo moderno / _cpor, Henri Sée ; traducción de M. Garza |
| 250 | _aCuarta edición | ||
| 260 |
_aMéxico : _bFondo de Cultura Económica, _c1954. |
||
| 300 |
_a183 páginas ; _c20 cm. |
||
| 490 | 0 | _aSección de obras de economía | |
| 500 | _aIncluye índice analítico páginas 166-180. | ||
| 504 | _aBibliografía: páginas 158-165. | ||
| 505 | _aLas primeras manifestaciones del capitalismo -- El capitalismo de los comienzos de los tiempos modernos -- El gran comercio marítimo, la expansión colonial y los progresos del capitalismo en el siglo XVI -- El capitalismo comercial y financiero | ||
| 546 | _aTraducido del francés | ||
| 650 | 1 | 4 |
_aCapitalismo _95546 |
| 650 | 2 | 4 |
_aTeoría económica _95547 |
| 650 | 2 | 4 |
_aIndustrialización Comercio _95548 |
| 700 | 1 |
_aGarza, M., _etraductor _95549 |
|
| 942 |
_2ddc _cBK |
||